| 000 | 01098nas a2200349 4500 | ||
|---|---|---|---|
| 001 | BR2012000898 | ||
| 003 | BR-BrBNA | ||
| 005 | 20231205120131.0 | ||
| 007 | ta | ||
| 008 | 230509b bl.|||p| |||| 00| 00por d | ||
| 040 |
_aBR-BrBNA _bpor _cBiblioteca Nacional de Agricultura |
||
| 041 | _a(En) | ||
| 072 | _aL10 | ||
| 100 | 1 | _aSanches, E.M.C. | |
| 100 | 1 | _aFerreiro, L. | |
| 100 | 1 | _aBorba, M.R. | |
| 100 | 1 | _aSpanamberg, A. | |
| 100 | 1 | _aRavazzolo, A.P. | |
| 100 | 1 | _aSanturio, J.M. | |
| 100 | 1 | _aDriemeir, D. | |
| 100 | 1 | _aBarcellos, D.E.S.N. | |
| 100 | 1 | _aBerthelemy, M. | |
| 100 | 1 | _aGuillot, J. | |
| 245 | 1 | _aPhylogenetic analysis of Pneumocystis from pig lungs obtained from salugheterhouses in southern and midwestern regions of Brazil | |
| 650 | _aSUÍNO | ||
| 650 | _aFILOGÊNIO | ||
| 650 | _aMELHORAMENTO GENÉTICO ANIMAL | ||
| 650 | _aPULMÃO | ||
| 773 | 0 |
_tArquivo Brasileiro de Medicina Veterinária e Zootecnia (Brazil) _xISSN 0102-0935 _g(Oct 2011), v. 63(5) p. 1154-1159 _wBR2012000898 |
|
| 909 |
_a202311 _bLúcia _c55 _dLúcia Elande |
||
| 942 |
_2AGRIS _n0 _cANA |
||
| 999 |
_c217172 _d217172 |
||